| 000 | 00712cam a2200253 a 4500 | ||
|---|---|---|---|
| 001 | 000018413 | ||
| 005 | 20200929165511.0 | ||
| 008 | 720118s1968 fr 000 0 fre d | ||
| 040 |
_aDO-SdBNP _bfre _cLC _dBNPHU |
||
| 042 | _apremarc | ||
| 050 | 0 | 0 |
_aHT151 _b.C4 |
| 082 |
_ann* _bC385d |
||
| 100 | 1 |
_aCayrol, Jean. _917603 |
|
| 245 | 1 | 0 |
_aDe l'espace humain / _cJean Cayrol. |
| 260 |
_aParis : _bdu Seuil, _c1968. |
||
| 300 |
_a194 p. ; _c20 cm. |
||
| 490 | 1 | _aIntuitions | |
| 650 | 0 |
_aCities and towns. _939692 |
|
| 650 | 0 |
_aSociology, urban. _939869 |
|
| 650 | 0 |
_aHuman beings _xEffect of environment on. _939870 |
|
| 830 | 0 |
_aIntuitions _939871 |
|
| 910 | _aCatalogación derivada / LC | ||
| 049 | _aBNGR | ||
| 999 |
_c17934 _d17934 |
||